Online katalóg knižníc regiónu Turca

Na dne (Record no. 20946)

MARC details
000 -LEADER
fixed length control field 02242cam a2200589 a 4500
001 - CONTROL NUMBER
control field 20946
003 - CONTROL NUMBER IDENTIFIER
control field VRT
005 - DATE AND TIME OF LATEST TRANSACTION
control field 20260207111730.0
008 - FIXED-LENGTH DATA ELEMENTS--GENERAL INFORMATION
fixed length control field 250312s1946 xo g 000 d slo c
015 ## - NATIONAL BIBLIOGRAPHY NUMBER
National bibliography number SKSNBA19451955-003172
020 ## - INTERNATIONAL STANDARD BOOK NUMBER
Qualifying information (brož.)
035 ## - SYSTEM CONTROL NUMBER
System control number SK01SNKBKSFS20010064300
035 ## - SYSTEM CONTROL NUMBER
System control number urn:nbn:sk:snk-am3hnui
035 ## - SYSTEM CONTROL NUMBER
System control number 62E65F24-FB20-4219-9075-D847991EA10E
035 ## - SYSTEM CONTROL NUMBER
System control number urn:nbn:sk:snk-am00cvu7
035 ## - SYSTEM CONTROL NUMBER
System control number SKM000066763
039 #9 - LEVEL OF BIBLIOGRAPHIC CONTROL AND CODING DETAIL [OBSOLETE]
Level of rules in bibliographic description 202503121330
Level of effort used to assign nonsubject heading access points VLOAD
Level of effort used to assign subject headings 202205120823
Level of effort used to assign classification VLOAD
Level of effort used to assign subject headings 202010011128
Level of effort used to assign classification msnk157
Level of effort used to assign subject headings 202004170910
Level of effort used to assign classification maubb02
040 ## - CATALOGING SOURCE
Original cataloging agency SNK
Language of cataloging slo
Transcribing agency SNK
Description conventions AACR2
041 1# - LANGUAGE CODE
Language code of text/sound track or separate title slo
Language code of original rus
044 ## - COUNTRY OF PUBLISHING/PRODUCING ENTITY CODE
MARC country code xo
ISO country code SK
072 #7 - SUBJECT CATEGORY CODE
Subject category code 821.161.1
Subject category code subdivision Ruská literatúra, rusky písaná
Source konspekt
072 #7 - SUBJECT CATEGORY CODE
Subject category code 821.161.1-2
Subject category code subdivision Ruská dráma
Source konspekt
080 ## - UNIVERSAL DECIMAL CLASSIFICATION NUMBER
Universal Decimal Classification number 821.161.1-2
Edition identifier 2011
080 ## - UNIVERSAL DECIMAL CLASSIFICATION NUMBER
Universal Decimal Classification number (0:82-2)
Edition identifier 2011
100 1# - MAIN ENTRY--PERSONAL NAME
Personal name Gorkij, Maksim,
Dates associated with a name 1868-1936
Relationship aut
240 10 - UNIFORM TITLE
Uniform title Na dne
Language of a work Slovensky
245 10 - TITLE STATEMENT
Title Na dne
Remainder of title hra zo života ruských "bosákov" v štyroch dejstvách
Statement of responsibility, etc. Maxim Gorkij ; [prekladateľ K. Podolinský]
250 ## - EDITION STATEMENT
Edition statement 1. vyd.
260 ## - PUBLICATION, DISTRIBUTION, ETC.
Place of publication, distribution, etc. Turčiansky Sv. Martin
Name of publisher, distributor, etc. Ústredie slovenských ochotníckych divadiel
Date of publication, distribution, etc. 1946
Place of manufacture Turčiansky Sv. Martin
Manufacturer Neografia
300 ## - PHYSICAL DESCRIPTION
Extent 105, [1] s. nôt na príl.
Other physical details noty
Dimensions 19 cm
490 1# - SERIES STATEMENT
Series statement Javisko
Volume/sequential designation sv. 12
500 ## - GENERAL NOTE
General note Preložené z ruštiny
504 ## - BIBLIOGRAPHY, ETC. NOTE
Bibliography, etc. note Poznámky
655 #7 - INDEX TERM--GENRE/FORM
Genre/form data or focus term ruské drámy
Source of term SNKPH
655 #7 - INDEX TERM--GENRE/FORM
Genre/form data or focus term divadelné hry
Source of term SNKPH
655 #7 - INDEX TERM--GENRE/FORM
Genre/form data or focus term Russian drama
Source of term SNKPHeng
655 #7 - INDEX TERM--GENRE/FORM
Genre/form data or focus term Theatre plays
Source of term SNKPHeng
700 1# - ADDED ENTRY--PERSONAL NAME
Personal name Podolinský, Karol,
Dates associated with a name 1903-1998
Relationship trl
700 1# - ADDED ENTRY--PERSONAL NAME
Personal name Rampák, Zoltán,
Dates associated with a name 1920-1998
Relationship red
830 #0 - SERIES ADDED ENTRY--UNIFORM TITLE
Uniform title Javisko
942 ## - ADDED ENTRY ELEMENTS (KOHA)
Source of classification or shelving scheme Dewey Decimal Classification
Koha item type Krásna literatúra pre dospelých
Suppress in OPAC No
949 ## - LOCAL PROCESSING INFORMATION (OCLC)
6 270001000350158
a svkbbS 14683
b svkbbm 62811
949 ## - LOCAL PROCESSING INFORMATION (OCLC)
6 270001000350159
a svkbbS 14419
b svkbbm 40520
949 ## - LOCAL PROCESSING INFORMATION (OCLC)
6 17A0523646
a snkSD 4951/12 D1
b snkKSF 1451/56
949 ## - LOCAL PROCESSING INFORMATION (OCLC)
6 17A0654313
a snkSD 4951/12 D2
b snkF 5728/62
949 ## - LOCAL PROCESSING INFORMATION (OCLC)
6 4710707983
a strmkB
b strmk2008/7983
949 ## - LOCAL PROCESSING INFORMATION (OCLC)
a svkpoA 15131
b svkpo35229
s 6720:20250905
949 ## - LOCAL PROCESSING INFORMATION (OCLC)
6 369701000015486
a aubbD 11233
b aubbD11233
949 ## - LOCAL PROCESSING INFORMATION (OCLC)
6 17A0592644
a snkSD 4951/12
b snkVIII. 1059/46
o 2009/46 - evidenčné číslo
s 6100:20180703
Holdings
Stav vyradenia Strata Poškodenie Spôsob nadobudnutia Domovská knižnica Aktuálna knižnica Dátum nadobudnutia Total checkouts Čiarový kód exemplára Date last seen Typ exemplára
      Dar Obecná knižnica Horná Štubňa Obecná knižnica Horná Štubňa 07.02.2026   4736201115 07.02.2026 Krásna literatúra pre dospelých
Projekt je podporený Slovenskou asociáciou knižníc
Prevádzkuje Turčianska knižnica Martin 2026